000 00348 a2200169 4500
001 68841
020 _a8532900488
040 _cAnchieta - Itaigara
100 _aPalhares, Simone Claret
240 1 0 _aPor quê?
_lpor
245 1 0 _aPor quê?
300 _a15
362 0 _a1996
440 1 _a
650 4 _aLiteratura infantil
942 _cBK
999 _c68841
_d68841